Can You Name Airline Companies? Quiz Stats

Quiz not verified by Sporcle

Challenge
Share
Tweet
Embed
Score 0/26 Timer 10:00
0 Plays Today
% Correct
American Airlines
69.1%
Delta
67.3%
British Airways
67.3%
United
61.8%
Lufthansa
60%
Air France
50.9%
Air Canada
38.2%
US Airways
34.5%
Emirates
34.5%
Southwest
32.7%
Continental
30.9%
Singapore Airlines
23.6%
AirTran
18.2%
% Correct
Quantas
14.5%
Frontier
14.5%
Alaska Airlines
12.7%
Virgin America
10.9%
J.A.L.
9.1%
Sky West
7.3%
Spirit
7.3%
Allegiant air
7.3%
Airbus
5.5%
Star Alliance
3.6%
Midwest
3.6%
Cayman Airways
3.6%
One World
3.6%

You're not logged in!

Compare scores with friends on all Sporcle quizzes.
Join for Free
OR
Log In

You Might Also Like...

Show Comments

Extras

Created Oct 30, 2011ReportNominate
Tags:Company Quiz, airline

Top Quizzes Today


Score Distribution

Your Account Isn't Verified!

In order to create a playlist on Sporcle, you need to verify the email address you used during registration. Go to your Sporcle Settings to finish the process.

Report this User

Report this user for behavior that violates our Community Guidelines.

Details: